Culture Générale - Série 2352 - Statistiques

Statistiques générales
  • Ce quiz a été pris 152 fois
  • Le résultat moyen est 6 sur 10
Statistiques - réponses
Question Réponse % Correct
Quelle est la spécialité de la ville de Montelimar (26) ? nougat
83%
Comment appelle-t-on une figure géométrique à six côtés ? hexagone
81%
Quelle est la capitale de la Bolivie Sucre
79%
Dans quel pays se trouve le massif montagneux des Dolomites ? Italie
76%
Quelle ville de la Drôme est renommée pour sa clairette ? Die
71%
Comment appelle-t-on l'art martial qui est la version moderne du kenjutsu, l'escrime au sabre pratiquée autrefois au Japon par les samouraïs ? voir photo kendo
45%
Sous quel nom connait-on mieux la pièce de William Shakespeare "Le Maure de Venise" ? Othello
38%
Quelle ville du nord de l'Italie a été le théâtre d’une catastrophe écologique et sanitaire qui s'est produite en 1976? Seveso
29%
Quel instrument de musique et le ney ou nay ? flûte
27%
Le monument construit à Hauterives (26) par le facteur Ferdinand Cheval, de 1879 à 1912 s'appelle " le palais ... idéal
26%
Aucun quiz correspondant
Distribution des résultats
% des personnes avec chaque résultat
Percentile par nombre de réponses
Votre historique - résultats
Vous n’avez pas pris ce quiz